00337 a2200133 4500003000400000005001700004008004100021040000900062082001500071100002600086245005800112260002400170300000900194OSt20240112110713.0240112b |||||||| |||| 00| 0 eng d coclc a297bKAL/I aKallikkandi, Ishaqali aIslahi boomikayilude Vol IIIbPrakasham chorinhavar / aKerala:bKNM,c2016 a159p